| 000 | 00621nam a2200181 a 4500 | ||
|---|---|---|---|
| 005 | 20240215063720.0 | ||
| 008 | 030513s1995 mx r 000 0 spa d | ||
| 020 | _a8477382263 | ||
| 035 | _aUPN01000124062 | ||
| 049 | _aCG | ||
| 050 | 4 |
_aH62 _bM4.7 |
|
| 245 | 0 | 0 |
_aMétodos y técnicas cualitativas de investigación en ciencias sociales / _cedits. Juan Manuel Delgado, Juan Gutiérrez. |
| 260 |
_aMadrid : _bSíntesis, _c1995. |
||
| 300 |
_a669 p. : _bil. |
||
| 440 | 0 |
_aSíntesis psicología _pMetodología de las ciencias del comportamiento ; _v2 |
|
| 650 | 4 |
_aCiencias sociales _xInvestigación _97497 |
|
| 905 | _aLibro | ||
| 999 |
_c96241 _d96241 |
||